History of economic throught (Record no. 6498)

MARC details
000 -LEADER
fixed length control field 00529cam a2200217ua 4500
001 - CONTROL NUMBER
control field 7378
005 - DATE AND TIME OF LATEST TRANSACTION
control field 20260515114213.0
008 - FIXED-LENGTH DATA ELEMENTS--GENERAL INFORMATION
fixed length control field 141209n ii |||gr||||Z||||||asm
020 ## - INTERNATIONAL STANDARD BOOK NUMBER
International Standard Book Number 9789382976080
040 ## - CATALOGING SOURCE
Transcribing agency MAIN
041 ## - LANGUAGE CODE
Language code of text/sound track or separate title asm
082 ## - DEWEY DECIMAL CLASSIFICATION NUMBER
Classification number 330.1508
100 ## - MAIN ENTRY--PERSONAL NAME
Personal name Goswami, Sujata,
Relator term Author.
245 1# - TITLE STATEMENT
Title History of economic throught
Statement of responsibility, etc. By Sujata Goswami
250 ## - EDITION STATEMENT
Edition statement 2nd.
260 ## - PUBLICATION, DISTRIBUTION, ETC.
Place of publication, distribution, etc. Golaghat:
Name of publisher, distributor, etc. Saraswati,
Date of publication, distribution, etc. 2013.
300 ## - PHYSICAL DESCRIPTION
Extent 279p.
653 ## - INDEX TERM--UNCONTROLLED
Uncontrolled term Economics
653 ## - INDEX TERM--UNCONTROLLED
Uncontrolled term History of economic thought
942 ## - ADDED ENTRY ELEMENTS (KOHA)
Koha item type Books
Holdings
Withdrawn status Lost status Damaged status Not for loan Home library Current library Shelving location Date acquired Total checkouts Full call number Barcode Date last seen Date last checked out Copy number Price effective from Koha item type
        Naharkatiya College Library Naharkatiya College Library General stacks 09/19/2020 14 330.1508 | GOS 22144 03/19/2026 03/19/2026 1 09/19/2020 Books